Vida y extrañas y sorprendentes aventuras de Robinson Crusoe, escritas por él mismo /

Shranjeno v:
Bibliografske podrobnosti
Glavni avtor: Defoe, Daniel (autor)
Drugi avtorji: Cortázar, Julio (traducción) (traducción)
Format: Knjiga
Jezik:španščina
Izdano: Barcelona, España : Lumen, 1975, c1975
Serija:(Ediciones de Bolsillo ; 383)
Teme:
Oznake: Označite
Brez oznak, prvi označite!

MARC

LEADER 00000nam^a2200000^a^4500
001 000184453
005 20250521000000.0
009 20260310102115.982
020 |a 84-264-4383-4 
037 |a Acervo ITESO - Biblioteca 
041 |a ESP 
082 |a 823.  |b DEF 
100 |a Defoe, Daniel  |e (autor) 
240 1 1 |a [Robinson Crusoe] 
245 1 0 |a Vida y extrañas y sorprendentes aventuras de Robinson Crusoe, escritas por él mismo /  |c D. Defoe ; tr. por J. Cortázar. 
264 4 |a Barcelona, España :  |b Lumen,  |c 1975, c1975 
300 |a 317 p. 
336 |a texto  |b txt  |2 rdacontenido 
337 |a sin mediación  |b n  |2 rdamedio 
338 |a volumen  |b nc  |2 rdasoporte 
440 1 |a (Ediciones de Bolsillo ;  |v 383) 
500 |a Traducción de: The Life and Strange sirprising Adventinesof Robinson Crusoe of york, Mariner 
649 |a XX 
650 |a Marinos Escoceses 
650 |a Exploradores y Viajeros Escoceses 
650 |a Naufragios 
650 |a Viajes Marítimos 
650 |a Novela Inglesa 
650 |a Novela de Aventuras -  |z Inglaterra 
650 |a Literatura Inglesa -  |y Siglo XVIII 
700 |a Cortázar, Julio  |e (traducción) 
910 |a Fondo Armando Suárez Gómez 
920 |a Impresos - Libros 
930 |a Fondos Especiales 
940 |a Literatura 
905 |a 111 
901 |a 0700005653  |b IT2  |c ESP  |u 20250521 
902 |a https://opac.biblio.iteso.mx/vufind/Record/000184453